000 00519nam a2200181Ia 4500
005 20250326141712.0
008 250326s9999 xx 000 0 und d
037 _aTextbook
040 _aFMSL
_beng
_cFMSL
041 _aeng
_2eng
084 _qFMSL
100 _aIndia Govt Of.......
245 0 _aArea and production of principal crops in India 1986-88
_cIndia Govt Of.......
260 _aNew Delhi
_bNew Delhi, Ministry of Agriculture
_c1989
300 _a266p
942 _cTB
999 _c1291567
_d1291567